[Event "Russian Blitz Championship (w)"]
[Site "Sochi"]
[Date "2022.10.14"]
[Round "1.1"]
[White "Diakonova, Ekaterina"]
[Black "Shuvalova, Polina"]
[Result "0-1"]
[BlackElo "2392"]
[WhiteElo "1987"]
[LiveChessVersion "1.4.8"]

1. e4 {[%clk 0:03:03]} c5 {[%clk 0:03:04]} 2. Nf3 {[%clk 0:03:04]} Nc6
{[%clk 0:03:05]} 3. Bb5 {[%clk 0:03:04]} e6 {[%clk 0:03:06]} 4. O-O
{[%clk 0:03:04]} Nge7 {[%clk 0:03:07]} 5. Re1 {[%clk 0:03:05]} a6
{[%clk 0:03:09]} 6. Bf1 {[%clk 0:03:06]} d5 {[%clk 0:03:10]} 7. exd5
{[%clk 0:03:08]} Nxd5 {[%clk 0:03:11]} 8. b3 {[%clk 0:03:05]} Be7
{[%clk 0:03:11]} 9. Bb2 {[%clk 0:03:07]} O-O {[%clk 0:03:11]} 10. Nc3
{[%clk 0:02:24]} Nxc3 {[%clk 0:03:09]} 11. Bxc3 {[%clk 0:02:25]} b5
{[%clk 0:03:08]} 12. a4 {[%clk 0:02:18]} b4 {[%clk 0:03:04]} 13. Bb2
{[%clk 0:02:19]} Bb7 {[%clk 0:03:04]} 14. d4 {[%clk 0:02:01]} Qc7
{[%clk 0:02:57]} 15. dxc5 {[%clk 0:01:59]} Bxc5 {[%clk 0:02:53]} 16. Qe2
{[%clk 0:01:58]} Rad8 {[%clk 0:02:48]} 17. Rad1 {[%clk 0:01:56]} Qb6
{[%clk 0:02:48]} 18. Nd2 {[%clk 0:01:18]} Nd4 {[%clk 0:02:44]} 19. Qg4
{[%clk 0:01:19]} Nf5 {[%clk 0:02:37]} 20. Qe2 {[%clk 0:01:12]} h6
{[%clk 0:02:27]} 21. Nc4 {[%clk 0:01:13]} Qa7 {[%clk 0:02:28]} 22. Rd2
{[%clk 0:00:41]} Rxd2 {[%clk 0:02:01]} 23. Qxd2 {[%clk 0:00:42]} Qa8
{[%clk 0:02:03]} 24. Rd1 {[%clk 0:00:38]} Bd5 {[%clk 0:01:40]} 25. Qf4
{[%clk 0:00:34]} Rd8 {[%clk 0:01:35]} 26. Bd3 {[%clk 0:00:32]} Bxg2
{[%clk 0:01:25]} 27. Ne5 {[%clk 0:00:26]} Bh3 {[%clk 0:01:07]} 28. Nf3
{[%clk 0:00:18]} Be7 {[%clk 0:00:28]} 29. Be2 {[%clk 0:00:18]} Rxd1+
{[%clk 0:00:24]} 30. Bxd1 {[%clk 0:00:19]} Bg5 {[%clk 0:00:24]} 31. Qxb4
{[%clk 0:00:18]} Qd8 {[%clk 0:00:17]} 32. Qe1 {[%clk 0:00:19]} Qd5
{[%clk 0:00:17]} 33. c4 {[%clk 0:00:19]} Qd3 {[%clk 0:00:16]} 34. Ne5
{[%clk 0:00:10]} Qb1 {[%clk 0:00:10]} 35. Bc3 {[%clk 0:00:06]} Bf6
{[%clk 0:00:11]} 36. c5 {[%clk 0:00:04]} Nh4 {[%clk 0:00:08]} 37. Kh1
{[%clk 0:00:04]} Bg2+ {[%clk 0:00:08]} 38. Kg1 {[%clk 0:00:05]} Bxe5
{[%clk 0:00:09]} 39. Bxe5 {[%clk 0:00:03]} Nf3+ {[%clk 0:00:09]} 40. Kxg2
{[%clk 0:00:04]} Nxe1+ {[%clk 0:00:10]} 41. Kh3 {[%clk 0:00:05]} Qxd1
{[%clk 0:00:10]} 0-1

[Event "Russian Blitz Championship (w)"]
[Site "Sochi"]
[Date "2022.10.14"]
[Round "1.2"]
[White "Gunina, Valentina"]
[Black "Garmash, Aliona"]
[Result "1-0"]
[BlackElo "1980"]
[WhiteElo "2376"]
[LiveChessVersion "1.4.8"]

1. d4 {[%clk 0:03:01]} d5 {[%clk 0:03:03]} 2. c4 {[%clk 0:03:02]} c6
{[%clk 0:03:04]} 3. Nf3 {[%clk 0:03:03]} Nf6 {[%clk 0:03:05]} 4. e3
{[%clk 0:03:01]} Bf5 {[%clk 0:03:04]} 5. Nc3 {[%clk 0:02:58]} e6 {[%clk 0:03:04]}
6. Be2 {[%clk 0:02:51]} h6 {[%clk 0:02:59]} 7. O-O {[%clk 0:02:51]} Be7
{[%clk 0:02:59]} 8. b3 {[%clk 0:02:51]} O-O {[%clk 0:02:57]} 9. Bb2
{[%clk 0:02:51]} Nbd7 {[%clk 0:02:52]} 10. h3 {[%clk 0:02:40]} Ne4
{[%clk 0:02:38]} 11. Nxe4 {[%clk 0:02:38]} Bxe4 {[%clk 0:02:38]} 12. Bd3
{[%clk 0:02:34]} Nf6 {[%clk 0:02:01]} 13. Ne5 {[%clk 0:02:34]} Bxd3
{[%clk 0:01:48]} 14. Qxd3 {[%clk 0:02:34]} c5 {[%clk 0:01:44]} 15. dxc5
{[%clk 0:02:27]} Bxc5 {[%clk 0:01:43]} 16. Rfd1 {[%clk 0:02:28]} dxc4
{[%clk 0:01:35]} 17. Qxc4 {[%clk 0:02:28]} Qe7 {[%clk 0:01:35]} 18. Rac1
{[%clk 0:02:23]} Bb6 {[%clk 0:01:30]} 19. Ng4 {[%clk 0:02:12]} Nxg4
{[%clk 0:01:21]} 20. Qxg4 {[%clk 0:02:12]} Qg5 {[%clk 0:00:57]} 21. Qxg5
{[%clk 0:01:56]} hxg5 {[%clk 0:00:58]} 22. Rd7 {[%clk 0:01:56]} Rac8
{[%clk 0:00:54]} 23. a4 {[%clk 0:01:10]} Rxc1+ {[%clk 0:00:51]} 24. Bxc1
{[%clk 0:01:11]} Rc8 {[%clk 0:00:51]} 25. Bd2 {[%clk 0:01:11]} Rc2
{[%clk 0:00:43]} 26. Kf1 {[%clk 0:01:06]} Bc7 {[%clk 0:00:32]} 27. Ke1
{[%clk 0:01:00]} a6 {[%clk 0:00:31]} 28. Kd1 {[%clk 0:01:00]} Rc6
{[%clk 0:00:31]} 29. Ke2 {[%clk 0:00:51]} f6 {[%clk 0:00:32]} 30. Bb4
{[%clk 0:00:48]} b5 {[%clk 0:00:29]} 31. axb5 {[%clk 0:00:47]} axb5
{[%clk 0:00:30]} 32. Kf3 {[%clk 0:00:47]} Be5 {[%clk 0:00:22]} 33. Rb7
{[%clk 0:00:44]} Rc2 {[%clk 0:00:20]} 34. Rxb5 {[%clk 0:00:43]} Rb2
{[%clk 0:00:20]} 35. Ba5 {[%clk 0:00:41]} Kf7 {[%clk 0:00:19]} 36. Rb7+
{[%clk 0:00:40]} Kg6 {[%clk 0:00:20]} 37. g4 {[%clk 0:00:41]} Bh2
{[%clk 0:00:16]} 38. Kg2 {[%clk 0:00:40]} Be5 {[%clk 0:00:17]} 39. Kf3
{[%clk 0:00:25]} Bh2 {[%clk 0:00:17]} 40. Be1 {[%clk 0:00:24]} Be5
{[%clk 0:00:17]} 41. Rb6 {[%clk 0:00:22]} Rb1 {[%clk 0:00:17]} 42. Ba5
{[%clk 0:00:23]} Kf7 {[%clk 0:00:16]} 43. Kg2 {[%clk 0:00:20]} Rb2
{[%clk 0:00:17]} 44. Be1 {[%clk 0:00:19]} Rb1 {[%clk 0:00:17]} 45. Bd2
{[%clk 0:00:20]} Rb2 {[%clk 0:00:18]} 46. Ba5 {[%clk 0:00:21]} Rb1
{[%clk 0:00:13]} 47. b4 {[%clk 0:00:22]} Bc3 {[%clk 0:00:13]} 48. Rc6
{[%clk 0:00:23]} Bd2 {[%clk 0:00:12]} 49. Rd6 {[%clk 0:00:20]} Be1
{[%clk 0:00:10]} 50. f4 {[%clk 0:00:16]} gxf4 {[%clk 0:00:09]} 51. exf4
{[%clk 0:00:17]} Rb2+ {[%clk 0:00:10]} 52. Kf3 {[%clk 0:00:17]} Bxb4
{[%clk 0:00:10]} 53. Rd7+ {[%clk 0:00:12]} Kg6 {[%clk 0:00:11]} 54. Rb7
{[%clk 0:00:11]} Ba3 {[%clk 0:00:12]} 55. Ra7 {[%clk 0:00:09]} Rb3+
{[%clk 0:00:12]} 56. Ke4 {[%clk 0:00:09]} Bc5 {[%clk 0:00:10]} 57. f5+
{[%clk 0:00:09]} exf5+ {[%clk 0:00:10]} 58. gxf5+ {[%clk 0:00:10]} Kh7
{[%clk 0:00:09]} 59. Rc7 {[%clk 0:00:11]} Bg1 {[%clk 0:00:09]} 60. Bc3
{[%clk 0:00:11]} Rb6 {[%clk 0:00:06]} 61. h4 {[%clk 0:00:09]} Bf2
{[%clk 0:00:05]} 62. h5 {[%clk 0:00:09]} Bh4 {[%clk 0:00:06]} 63. Bd2
{[%clk 0:00:08]} Kg8 {[%clk 0:00:05]} 64. Kf3 {[%clk 0:00:06]} Rb3+
{[%clk 0:00:05]} 65. Kg4 {[%clk 0:00:07]} Bf2 {[%clk 0:00:05]} 66. h6
{[%clk 0:00:08]} gxh6 {[%clk 0:00:06]} 67. Bxh6 {[%clk 0:00:08]} Bd4
{[%clk 0:00:07]} 68. Rg7+ {[%clk 0:00:07]} Kh8 {[%clk 0:00:07]} 69. Re7
{[%clk 0:00:07]} Be5 {[%clk 0:00:08]} 70. Kh5 {[%clk 0:00:06]} Rh3+
{[%clk 0:00:08]} 71. Kg6 {[%clk 0:00:07]} Rg3+ {[%clk 0:00:09]} 72. Kf7
{[%clk 0:00:08]} Kh7 {[%clk 0:00:07]} 73. Bf8 {[%clk 0:00:09]} Rg8
{[%clk 0:00:05]} 74. Rb7 {[%clk 0:00:10]} Rg2 {[%clk 0:00:05]} 75. Rb3
{[%clk 0:00:10]} Rh2 {[%clk 0:00:05]} 76. Rb1 {[%clk 0:00:11]} Bd4
{[%clk 0:00:05]} 77. Rd1 {[%clk 0:00:12]} Be5 {[%clk 0:00:06]} 78. Rg1
{[%clk 0:00:13]} Rh3 {[%clk 0:00:06]} 79. Rg7+ {[%clk 0:00:13]} Kh8
{[%clk 0:00:07]} 80. Rg8+ {[%clk 0:00:15]} Kh7 {[%clk 0:00:08]} 81. Bg7
{[%clk 0:00:16]} 1-0

[Event "Russian Blitz Championship (w)"]
[Site "Sochi"]
[Date "2022.10.14"]
[Round "1.3"]
[White "Kirchei, Viktoriia"]
[Black "Bodnaruk, Anastasia"]
[Result "0-1"]
[BlackElo "2332"]
[WhiteElo "1970"]
[LiveChessVersion "1.4.8"]

1. e4 {[%clk 0:03:03]} c5 {[%clk 0:03:04]} 2. Nf3 {[%clk 0:03:04]} Nc6
{[%clk 0:03:05]} 3. Bb5 {[%clk 0:03:04]} g6 {[%clk 0:03:06]} 4. Bxc6
{[%clk 0:03:04]} dxc6 {[%clk 0:03:07]} 5. d3 {[%clk 0:03:05]} Bg7
{[%clk 0:03:08]} 6. h3 {[%clk 0:03:04]} Nf6 {[%clk 0:03:03]} 7. Nc3
{[%clk 0:03:04]} Nd7 {[%clk 0:03:02]} 8. Be3 {[%clk 0:02:59]} e5 {[%clk 0:03:02]}
9. a4 {[%clk 0:02:35]} a5 {[%clk 0:02:54]} 10. Qd2 {[%clk 0:02:28]} h6
{[%clk 0:02:54]} 11. g4 {[%clk 0:02:10]} Qe7 {[%clk 0:02:29]} 12. Ne2
{[%clk 0:01:50]} Nf8 {[%clk 0:02:08]} 13. c3 {[%clk 0:01:24]} Ne6
{[%clk 0:02:01]} 14. h4 {[%clk 0:00:52]} Nf4 {[%clk 0:01:33]} 15. Bxf4
{[%clk 0:00:43]} exf4 {[%clk 0:01:32]} 16. Qxf4 {[%clk 0:00:44]} O-O
{[%clk 0:01:15]} 17. g5 {[%clk 0:00:43]} h5 {[%clk 0:01:14]} 18. O-O
{[%clk 0:00:30]} Bg4 {[%clk 0:01:13]} 19. Ng3 {[%clk 0:00:27]} f6
{[%clk 0:01:14]} 20. Nh2 {[%clk 0:00:26]} Bh3 {[%clk 0:01:04]} 21. Rfe1
{[%clk 0:00:23]} Rad8 {[%clk 0:01:02]} 22. Rad1 {[%clk 0:00:23]} fxg5
{[%clk 0:00:39]} 23. Qxg5 {[%clk 0:00:24]} Qxg5 {[%clk 0:00:41]} 24. hxg5
{[%clk 0:00:25]} Be5 {[%clk 0:00:41]} 25. Nhf1 {[%clk 0:00:12]} Bg4
{[%clk 0:00:31]} 26. Ne2 {[%clk 0:00:06]} h4 {[%clk 0:00:25]} 27. Ne3
{[%clk 0:00:07]} Bf3 {[%clk 0:00:27]} 28. Nf1 {[%clk 0:00:06]} Kg7
{[%clk 0:00:24]} 29. Nh2 {[%clk 0:00:06]} Bh5 {[%clk 0:00:22]} 30. f4
{[%clk 0:00:06]} Bxf4 {[%clk 0:00:20]} 31. Nxf4 {[%clk 0:00:08]} Rxf4
{[%clk 0:00:21]} 32. Rd2 {[%clk 0:00:09]} Re8 {[%clk 0:00:14]} 33. Rf1
{[%clk 0:00:10]} Ref8 {[%clk 0:00:13]} 34. Rxf4 {[%clk 0:00:10]} Rxf4
{[%clk 0:00:15]} 35. Rf2 {[%clk 0:00:10]} Rxf2 {[%clk 0:00:16]} 36. Kxf2
{[%clk 0:00:12]} Kf7 {[%clk 0:00:14]} 37. Nf3 {[%clk 0:00:12]} h3
{[%clk 0:00:09]} 38. Nh2 {[%clk 0:00:11]} Ke6 {[%clk 0:00:10]} 39. Kg3
{[%clk 0:00:13]} Bd1 {[%clk 0:00:11]} 40. d4 {[%clk 0:00:07]} cxd4
{[%clk 0:00:09]} 41. cxd4 {[%clk 0:00:08]} Bxa4 {[%clk 0:00:10]} 42. Kxh3
{[%clk 0:00:10]} Bc2 {[%clk 0:00:11]} 43. e5 {[%clk 0:00:11]} b5 {[%clk 0:00:10]}
44. Ng4 {[%clk 0:00:08]} Bf5 {[%clk 0:00:12]} 45. Kg3 {[%clk 0:00:08]} Bxg4
{[%clk 0:00:09]} 46. Kxg4 {[%clk 0:00:09]} b4 {[%clk 0:00:10]} 47. Kf3 a4 48. Ke3
{[%clk 0:00:12]} a3 {[%clk 0:00:12]} 0-1

[Event "Russian Blitz Championship (w)"]
[Site "Sochi"]
[Date "2022.10.14"]
[Round "1.4"]
[White "Pogonina, Natalija"]
[Black "Mikheeva, Galina"]
[Result "1-0"]
[BlackElo "1959"]
[WhiteElo "2332"]
[LiveChessVersion "1.4.8"]

1. d4 {[%clk 0:03:02]} Nf6 {[%clk 0:03:03]} 2. g3 {[%clk 0:03:02]} d5
{[%clk 0:02:55]} 3. Bg2 {[%clk 0:03:03]} Bf5 {[%clk 0:02:51]} 4. c4
{[%clk 0:02:56]} c6 {[%clk 0:02:50]} 5. Nd2 {[%clk 0:02:49]} e6 {[%clk 0:02:46]}
6. Ngf3 {[%clk 0:02:49]} h6 {[%clk 0:02:45]} 7. O-O {[%clk 0:02:48]} Be7
{[%clk 0:02:41]} 8. b3 {[%clk 0:02:47]} O-O {[%clk 0:02:37]} 9. Bb2
{[%clk 0:02:48]} Nbd7 {[%clk 0:02:34]} 10. Re1 {[%clk 0:02:47]} Ne4
{[%clk 0:02:30]} 11. a3 {[%clk 0:02:26]} Rc8 {[%clk 0:02:26]} 12. Nf1
{[%clk 0:02:21]} Bh7 {[%clk 0:02:08]} 13. N3d2 {[%clk 0:02:17]} Nxd2
{[%clk 0:01:59]} 14. Nxd2 {[%clk 0:02:16]} Bf6 {[%clk 0:01:54]} 15. Rc1
{[%clk 0:02:05]} Re8 {[%clk 0:01:41]} 16. e4 {[%clk 0:01:55]} dxe4
{[%clk 0:01:11]} 17. Nxe4 {[%clk 0:01:55]} Be7 {[%clk 0:01:10]} 18. Qe2
{[%clk 0:01:31]} Nf6 {[%clk 0:01:07]} 19. Nd2 {[%clk 0:01:15]} c5
{[%clk 0:00:51]} 20. Nf3 {[%clk 0:01:07]} Qc7 {[%clk 0:00:29]} 21. dxc5
{[%clk 0:00:56]} Qxc5 {[%clk 0:00:29]} 22. Ne5 {[%clk 0:00:52]} b6
{[%clk 0:00:20]} 23. b4 {[%clk 0:00:50]} Qc7 {[%clk 0:00:18]} 24. Nc6
{[%clk 0:00:47]} Nd7 {[%clk 0:00:06]} 25. Nxe7+ {[%clk 0:00:40]} Rxe7
{[%clk 0:00:07]} 26. Qg4 {[%clk 0:00:38]} Bg6 {[%clk 0:00:06]} 27. h4
{[%clk 0:00:38]} h5 {[%clk 0:00:06]} 28. Qd4 {[%clk 0:00:36]} Nf6
{[%clk 0:00:05]} 29. c5 {[%clk 0:00:34]} Rd7 {[%clk 0:00:06]} 30. Qe3
{[%clk 0:00:25]} bxc5 {[%clk 0:00:05]} 31. Rxc5 {[%clk 0:00:26]} Qd8
{[%clk 0:00:05]} 32. Rxc8 {[%clk 0:00:25]} Qxc8 {[%clk 0:00:06]} 33. Bxf6
{[%clk 0:00:19]} gxf6 {[%clk 0:00:07]} 34. Rc1 {[%clk 0:00:18]} Qd8
{[%clk 0:00:07]} 35. Qf4 {[%clk 0:00:15]} Kg7 {[%clk 0:00:06]} 36. Bf3
{[%clk 0:00:15]} Rd4 {[%clk 0:00:06]} 37. Qc7 {[%clk 0:00:12]} Qxc7
{[%clk 0:00:05]} 38. Rxc7 {[%clk 0:00:13]} Rd3 {[%clk 0:00:06]} 39. Kg2
{[%clk 0:00:08]} Rxa3 {[%clk 0:00:07]} 40. b5 {[%clk 0:00:08]} Ra5
{[%clk 0:00:06]} 41. Bc6 {[%clk 0:00:09]} Bd3 {[%clk 0:00:05]} 42. Rb7
{[%clk 0:00:09]} Bc4 {[%clk 0:00:04]} 43. Be8 {[%clk 0:00:07]} Kf8
{[%clk 0:00:04]} 44. Bc6 {[%clk 0:00:08]} f5 {[%clk 0:00:04]} 45. Kf3
{[%clk 0:00:09]} Ra3+ {[%clk 0:00:04]} 46. Kf4 {[%clk 0:00:08]} Be2
{[%clk 0:00:05]} 47. Kg5 {[%clk 0:00:07]} Ra2 {[%clk 0:00:04]} 48. Kf6
{[%clk 0:00:07]} Kg8 {[%clk 0:00:04]} 49. Rb8+ {[%clk 0:00:07]} Kh7
{[%clk 0:00:05]} 50. Kxf7 {[%clk 0:00:06]} Bc4 {[%clk 0:00:06]} 51. Kf6
{[%clk 0:00:04]} Rxf2 {[%clk 0:00:07]} 52. Rb7+ {[%clk 0:00:05]} Kh6
{[%clk 0:00:05]} 53. Rxa7 {[%clk 0:00:04]} f4 {[%clk 0:00:05]} 54. gxf4
{[%clk 0:00:03]} Rxf4+ {[%clk 0:00:06]} 55. Ke5 {[%clk 0:00:04]} Rxh4
{[%clk 0:00:06]} 56. b6 {[%clk 0:00:05]} Rh2 {[%clk 0:00:04]} 57. b7
{[%clk 0:00:06]} Rb2 {[%clk 0:00:05]} 58. Ra8 {[%clk 0:00:06]} Rb6
{[%clk 0:00:03]} 59. b8=Q {[%clk 0:00:06]} Rxb8 {[%clk 0:00:03]} 60. Rxb8
{[%clk 0:00:07]} 1-0

[Event "Russian Blitz Championship (w)"]
[Site "Sochi"]
[Date "2022.10.14"]
[Round "1.5"]
[White "Khmeleva, Anna"]
[Black "Girya, Olga"]
[Result "0-1"]
[BlackElo "2298"]
[WhiteElo "1956"]
[LiveChessVersion "1.4.8"]

1. Nf3 {[%clk 0:03:02]} d5 {[%clk 0:03:03]} 2. g3 {[%clk 0:03:03]} c6
{[%clk 0:03:05]} 3. Bg2 {[%clk 0:03:04]} Bg4 {[%clk 0:03:06]} 4. O-O
{[%clk 0:03:04]} Nf6 {[%clk 0:03:06]} 5. d3 {[%clk 0:03:05]} Nbd7
{[%clk 0:03:07]} 6. Nbd2 {[%clk 0:03:06]} e5 {[%clk 0:03:08]} 7. e4
{[%clk 0:03:03]} dxe4 {[%clk 0:03:07]} 8. dxe4 {[%clk 0:03:03]} Be7
{[%clk 0:03:06]} 9. Re1 {[%clk 0:03:00]} O-O {[%clk 0:03:05]} 10. Qe2
{[%clk 0:02:54]} Qc7 {[%clk 0:03:03]} 11. h4 {[%clk 0:02:41]} Rfe8
{[%clk 0:02:54]} 12. Nf1 {[%clk 0:02:40]} Nc5 {[%clk 0:02:50]} 13. N1h2
{[%clk 0:02:37]} Bh5 {[%clk 0:02:37]} 14. Qc4 {[%clk 0:02:17]} b5
{[%clk 0:02:33]} 15. Qc3 {[%clk 0:02:15]} Ncxe4 {[%clk 0:02:16]} 16. Qxe5
{[%clk 0:02:09]} Bd6 {[%clk 0:02:14]} 17. Qf5 {[%clk 0:01:50]} Bg6
{[%clk 0:01:42]} 18. Qh3 {[%clk 0:01:47]} Bc5 {[%clk 0:01:44]} 19. Be3
{[%clk 0:01:45]} Qb6 {[%clk 0:01:14]} 20. Bxc5 {[%clk 0:00:55]} Qxc5
{[%clk 0:01:15]} 21. Re2 {[%clk 0:00:54]} h5 {[%clk 0:01:09]} 22. Nf1
{[%clk 0:00:47]} Nxf2 {[%clk 0:01:01]} 23. Rxf2 {[%clk 0:00:35]} Ng4
{[%clk 0:01:02]} 24. N1d2 {[%clk 0:00:28]} Nxf2 {[%clk 0:00:54]} 25. Qd7
{[%clk 0:00:23]} Rad8 {[%clk 0:00:51]} 26. Qc7 {[%clk 0:00:19]} Ne4+
{[%clk 0:00:50]} 27. Kh2 {[%clk 0:00:17]} Nxd2 {[%clk 0:00:50]} 0-1

[Event "Russian Blitz Championship (w)"]
[Site "Sochi"]
[Date "2022.10.14"]
[Round "1.6"]
[White "Guseva, Marina"]
[Black "Lukina, Aleksandra"]
[Result "1-0"]
[BlackElo "1942"]
[WhiteElo "2273"]
[LiveChessVersion "1.4.8"]

1. d4 {[%clk 0:03:02]} d5 {[%clk 0:03:04]} 2. c4 {[%clk 0:03:02]} e6
{[%clk 0:03:05]} 3. Nc3 {[%clk 0:03:03]} Nf6 {[%clk 0:03:06]} 4. cxd5
{[%clk 0:03:04]} exd5 {[%clk 0:03:07]} 5. Bg5 {[%clk 0:03:05]} Be7
{[%clk 0:03:08]} 6. e3 {[%clk 0:03:06]} c6 {[%clk 0:03:07]} 7. Bd3
{[%clk 0:03:07]} O-O {[%clk 0:03:05]} 8. Qc2 {[%clk 0:03:07]} Nbd7
{[%clk 0:03:01]} 9. Nge2 {[%clk 0:03:07]} Re8 {[%clk 0:02:59]} 10. O-O
{[%clk 0:03:02]} Nf8 {[%clk 0:02:56]} 11. Rae1 {[%clk 0:02:54]} Ne4
{[%clk 0:02:20]} 12. Bxe7 {[%clk 0:02:47]} Qxe7 {[%clk 0:02:21]} 13. Bxe4
{[%clk 0:02:40]} dxe4 {[%clk 0:02:20]} 14. Ng3 {[%clk 0:02:39]} f5
{[%clk 0:02:14]} 15. f3 {[%clk 0:02:38]} b5 {[%clk 0:01:11]} 16. fxe4
{[%clk 0:02:35]} fxe4 {[%clk 0:01:06]} 17. Ncxe4 {[%clk 0:02:20]} Be6
{[%clk 0:00:42]} 18. Nc5 {[%clk 0:02:13]} Bc4 {[%clk 0:00:35]} 19. Rf3
{[%clk 0:01:49]} Ne6 {[%clk 0:00:30]} 20. Nf5 {[%clk 0:01:14]} Qc7
{[%clk 0:00:31]} 21. Rg3 {[%clk 0:00:55]} g6 {[%clk 0:00:21]} 22. Nxe6
{[%clk 0:00:46]} Rxe6 {[%clk 0:00:15]} 23. Nh6+ {[%clk 0:00:46]} Kg7
{[%clk 0:00:17]} 24. Ng4 {[%clk 0:00:42]} Rf8 {[%clk 0:00:16]} 25. Ne5
{[%clk 0:00:42]} Bd5 {[%clk 0:00:14]} 26. e4 {[%clk 0:00:38]} Qb6
{[%clk 0:00:15]} 27. exd5 {[%clk 0:00:19]} Qxd4+ {[%clk 0:00:16]} 28. Kh1
{[%clk 0:00:19]} Rxe5 {[%clk 0:00:17]} 29. Rd1 {[%clk 0:00:19]} Qb6
{[%clk 0:00:09]} 30. dxc6 {[%clk 0:00:16]} Ref5 {[%clk 0:00:06]} 31. Qc3+
{[%clk 0:00:13]} Kg8 {[%clk 0:00:06]} 32. Qc1 {[%clk 0:00:12]} Qf2
{[%clk 0:00:05]} 33. Rg1 {[%clk 0:00:11]} Rh5 {[%clk 0:00:06]} 34. Rc3 Qd4
{[%clk 0:00:04]} 35. c7 {[%clk 0:00:11]} Rc8 {[%clk 0:00:04]} 36. Qc2
{[%clk 0:00:09]} Qe5 {[%clk 0:00:05]} 37. h3 {[%clk 0:00:09]} Qd5
{[%clk 0:00:05]} 38. Qb3 {[%clk 0:00:09]} Qxb3 {[%clk 0:00:05]} 39. axb3
{[%clk 0:00:10]} Rd5 {[%clk 0:00:06]} 40. Rgc1 {[%clk 0:00:11]} Rd7
{[%clk 0:00:07]} 41. Rc6 {[%clk 0:00:12]} Kf7 {[%clk 0:00:07]} 42. R1c5
{[%clk 0:00:12]} a6 {[%clk 0:00:07]} 43. b4 {[%clk 0:00:12]} Rd2 {[%clk 0:00:07]}
44. b3 {[%clk 0:00:12]} Rd3 {[%clk 0:00:08]} 45. Rb6 {[%clk 0:00:13]} Rd7
{[%clk 0:00:07]} 46. Rxa6 {[%clk 0:00:13]} Rdxc7 {[%clk 0:00:08]} 47. Rxb5
{[%clk 0:00:12]} Rd8 {[%clk 0:00:06]} 48. Kh2 {[%clk 0:00:11]} Rd3
{[%clk 0:00:07]} 49. Rab6 {[%clk 0:00:11]} Rxb3 {[%clk 0:00:07]} 50. Rb7
{[%clk 0:00:11]} Rxb7 {[%clk 0:00:09]} 51. Rxb7+ {[%clk 0:00:12]} Kg8
{[%clk 0:00:08]} 52. b5 Rb4 {[%clk 0:00:08]} 53. b6 {[%clk 0:00:13]} Rb3
{[%clk 0:00:09]} 54. Kg1 {[%clk 0:00:11]} Kh8 {[%clk 0:00:10]} 55. Kf2
{[%clk 0:00:12]} Kg8 {[%clk 0:00:11]} 56. Ke2 {[%clk 0:00:12]} Kh8
{[%clk 0:00:12]} 57. Kd2 {[%clk 0:00:12]} Kg8 {[%clk 0:00:13]} 58. Kc2
{[%clk 0:00:13]} Rb5 {[%clk 0:00:13]} 59. Kc3 {[%clk 0:00:14]} Kh8
{[%clk 0:00:13]} 60. Kc4 {[%clk 0:00:15]} Rb2 {[%clk 0:00:15]} 61. Kc5
{[%clk 0:00:16]} Rxg2 {[%clk 0:00:13]} 62. Rc7 {[%clk 0:00:17]} Rb2
{[%clk 0:00:13]} 63. b7 {[%clk 0:00:18]} 1-0

[Event "Russian Blitz Championship (w)"]
[Site "Sochi"]
[Date "2022.10.14"]
[Round "1.7"]
[White "Porozhnyak, Maya"]
[Black "Garifullina, Leya"]
[Result "0-1"]
[BlackElo "2267"]
[WhiteElo "1939"]
[LiveChessVersion "1.4.8"]

1. e4 {[%clk 0:03:03]} c5 {[%clk 0:03:03]} 2. Nf3 {[%clk 0:03:04]} d6
{[%clk 0:03:05]} 3. d4 {[%clk 0:03:05]} cxd4 {[%clk 0:03:06]} 4. Nxd4
{[%clk 0:03:06]} Nf6 {[%clk 0:03:06]} 5. Nc3 {[%clk 0:03:08]} a6 {[%clk 0:03:08]}
6. Be2 {[%clk 0:03:08]} e5 {[%clk 0:03:08]} 7. Nb3 {[%clk 0:03:10]} Be7
{[%clk 0:03:09]} 8. h4 {[%clk 0:03:10]} Be6 {[%clk 0:03:07]} 9. g4
{[%clk 0:03:03]} d5 {[%clk 0:03:06]} 10. exd5 {[%clk 0:02:50]} Nxd5
{[%clk 0:03:06]} 11. Bf3 {[%clk 0:02:43]} Nxc3 {[%clk 0:02:54]} 12. Qxd8+
{[%clk 0:02:44]} Bxd8 {[%clk 0:02:55]} 13. bxc3 {[%clk 0:02:44]} Nc6
{[%clk 0:02:47]} 14. Nc5 {[%clk 0:02:40]} Bc8 {[%clk 0:02:48]} 15. Ba3
{[%clk 0:02:22]} Be7 {[%clk 0:02:40]} 16. Rb1 {[%clk 0:01:57]} Nd8
{[%clk 0:02:00]} 17. Rb3 {[%clk 0:01:33]} Ra7 {[%clk 0:01:58]} 18. c4
{[%clk 0:01:04]} a5 {[%clk 0:00:57]} 19. Na4 {[%clk 0:00:56]} Bd7
{[%clk 0:00:48]} 20. Bxe7 {[%clk 0:00:45]} Bxa4 21. Ra3 {[%clk 0:00:48]} Kxe7
{[%clk 0:00:41]} 22. Rxa4 Ne6 {[%clk 0:00:42]} 23. O-O {[%clk 0:00:42]} Nd4
{[%clk 0:00:42]} 24. Kg2 {[%clk 0:00:29]} Rc8 {[%clk 0:00:37]} 25. Bd5
{[%clk 0:00:29]} Nxc2 {[%clk 0:00:33]} 26. Rc1 {[%clk 0:00:30]} Nb4
{[%clk 0:00:34]} 27. Re1 {[%clk 0:00:30]} f6 {[%clk 0:00:35]} 28. f4
{[%clk 0:00:31]} Nd3 {[%clk 0:00:35]} 29. Re3 {[%clk 0:00:24]} Nxf4+
{[%clk 0:00:35]} 30. Kf3 {[%clk 0:00:25]} Nxd5 {[%clk 0:00:33]} 31. cxd5
{[%clk 0:00:27]} Rc5 {[%clk 0:00:34]} 32. Rd3 {[%clk 0:00:19]} Kd6
{[%clk 0:00:34]} 33. Ke4 {[%clk 0:00:19]} b5 {[%clk 0:00:36]} 34. Raa3
{[%clk 0:00:20]} Rc4+ {[%clk 0:00:36]} 35. Ke3 {[%clk 0:00:20]} b4
{[%clk 0:00:37]} 36. Rab3 {[%clk 0:00:21]} a4 {[%clk 0:00:38]} 37. Rb1
{[%clk 0:00:22]} Ra5 {[%clk 0:00:38]} 38. g5 {[%clk 0:00:20]} Rxh4
{[%clk 0:00:39]} 39. gxf6 {[%clk 0:00:21]} gxf6 {[%clk 0:00:40]} 40. Rf1
{[%clk 0:00:22]} Rh3+ {[%clk 0:00:41]} 41. Ke4 {[%clk 0:00:22]} Rxd3
{[%clk 0:00:41]} 42. Rxf6+ {[%clk 0:00:23]} Ke7 {[%clk 0:00:41]} 43. Re6+
{[%clk 0:00:24]} Kd7 {[%clk 0:00:42]} 44. Kxd3 {[%clk 0:00:25]} Rxd5+
{[%clk 0:00:44]} 45. Kc4 {[%clk 0:00:26]} Kxe6 {[%clk 0:00:45]} 0-1

[Event "Russian Blitz Championship (w)"]
[Site "Sochi"]
[Date "2022.10.14"]
[Round "1.8"]
[White "Bivol, Alina"]
[Black "Filippova, Darya"]
[Result "1-0"]
[BlackElo "1939"]
[WhiteElo "2264"]
[LiveChessVersion "1.4.8"]

1. e4 {[%clk 0:03:03]} e5 {[%clk 0:03:02]} 2. Nf3 {[%clk 0:03:03]} Nc6
{[%clk 0:03:02]} 3. Bc4 {[%clk 0:03:03]} Bc5 {[%clk 0:03:01]} 4. c3
{[%clk 0:03:04]} Nf6 {[%clk 0:02:55]} 5. d4 {[%clk 0:03:04]} exd4
{[%clk 0:02:52]} 6. cxd4 {[%clk 0:03:05]} Bb4+ {[%clk 0:02:50]} 7. Nbd2
{[%clk 0:03:05]} Nxe4 {[%clk 0:02:32]} 8. d5 {[%clk 0:03:06]} Ne7
{[%clk 0:02:07]} 9. O-O {[%clk 0:02:52]} Nxd2 {[%clk 0:02:01]} 10. Nxd2
{[%clk 0:02:48]} O-O {[%clk 0:01:52]} 11. a3 {[%clk 0:02:48]} Bxd2
{[%clk 0:01:40]} 12. Bxd2 {[%clk 0:02:47]} d6 {[%clk 0:01:38]} 13. Rc1
{[%clk 0:02:48]} Bf5 {[%clk 0:01:34]} 14. Qb3 {[%clk 0:02:35]} Ng6
{[%clk 0:01:18]} 15. f4 {[%clk 0:02:12]} Re8 {[%clk 0:01:12]} 16. Qxb7
{[%clk 0:01:46]} Rb8 {[%clk 0:01:11]} 17. Qxa7 {[%clk 0:01:45]} Rxb2
{[%clk 0:01:07]} 18. Qd4 {[%clk 0:01:33]} Qb8 {[%clk 0:00:54]} 19. Bc3
{[%clk 0:01:29]} Rxg2+ {[%clk 0:00:42]} 20. Kxg2 {[%clk 0:01:30]} f6
{[%clk 0:00:43]} 21. Rfe1 {[%clk 0:01:26]} Rxe1 {[%clk 0:00:31]} 22. Rxe1
{[%clk 0:01:26]} Qc8 {[%clk 0:00:31]} 23. Qe3 {[%clk 0:01:25]} Nf8
{[%clk 0:00:27]} 24. Qg3 {[%clk 0:01:18]} Kf7 {[%clk 0:00:26]} 25. Bd3
{[%clk 0:01:15]} Bd7 {[%clk 0:00:24]} 26. Qe3 {[%clk 0:01:14]} Qb7
{[%clk 0:00:21]} 27. Kg1 {[%clk 0:00:53]} Qxd5 {[%clk 0:00:16]} 28. Qe4
{[%clk 0:00:41]} Qh5 {[%clk 0:00:13]} 29. Bc4+ {[%clk 0:00:41]} 1-0